<?xml version="1.0" encoding="UTF-8"?>
<record
    xmlns:xsi="http://www.w3.org/2001/XMLSchema-instance"
    xsi:schemaLocation="http://www.loc.gov/MARC21/slim http://www.loc.gov/standards/marcxml/schema/MARC21slim.xsd"
    xmlns="http://www.loc.gov/MARC21/slim">

  <leader>01581naa a2200265 i 4500</leader>
  <controlfield tag="001">BPP</controlfield>
  <controlfield tag="003">BPK</controlfield>
  <controlfield tag="005">20150214094828.0</controlfield>
  <controlfield tag="008">150214s2004    pl     f     |100 0 pol</controlfield>
  <datafield tag="040" ind1=" " ind2=" ">
    <subfield code="c">BPK</subfield>
  </datafield>
  <datafield tag="080" ind1=" " ind2=" ">
    <subfield code="a">574.3</subfield>
  </datafield>
  <datafield tag="080" ind1=" " ind2=" ">
    <subfield code="a">620.92</subfield>
  </datafield>
  <datafield tag="100" ind1=" " ind2=" ">
    <subfield code="a">BORKOWSKI, J&#xF3;zef.</subfield>
    <subfield code="d">1996 - .</subfield>
    <subfield code="b">Politechnika Koszali&#x144;ska - Wydzia&#x142; Mechaniczny,</subfield>
    <subfield code="c">Katedra In&#x17C;ynierii Mechanicznej</subfield>
  </datafield>
  <datafield tag="245" ind1=" " ind2=" ">
    <subfield code="a">Analysis of needs and opportunities of biomass combustion =</subfield>
    <subfield code="b">Analiza potrzeb i mo&#x17C;liwo&#x15B;ci spalania biomasy /</subfield>
    <subfield code="c">J&#xF3;zef Borkowski, Marzena Benkowska.</subfield>
  </datafield>
  <datafield tag="260" ind1=" " ind2=" ">
    <subfield code="c">2004.</subfield>
  </datafield>
  <datafield tag="500" ind1=" " ind2=" ">
    <subfield code="a">Dane z autopsji.</subfield>
  </datafield>
  <datafield tag="520" ind1=" " ind2=" ">
    <subfield code="a">W pracy zaprezentowano wyniki analizy potrzeb (bezpiecze&#x144;stwo zapotrzebowania na energie, ochrona &#x15B;rodowiska, rozw&#xF3;j gospodarki oraz nowe miejsca pracy) i mo&#x17C;liwo&#x15B;ci (potencja&#x142; energetyczny biomasy oraz instalacje wykorzystywane do jej spalania) pozyskiwania energii z biomasy poprzez spalanie. Przedstawiono r&#xF3;wnie&#x17C; przyk&#x142;ad projektu modernizacji elektrociep&#x142;owni opalanej mia&#x142;em w&#x119;glowym.</subfield>
  </datafield>
  <datafield tag="650" ind1=" " ind2="0">
    <subfield code="a">Odnawialne &#x17A;r&#xF3;d&#x142;a energii.</subfield>
  </datafield>
  <datafield tag="650" ind1=" " ind2="0">
    <subfield code="a">Biomasa.</subfield>
  </datafield>
  <datafield tag="650" ind1=" " ind2="0">
    <subfield code="a">Spalanie.</subfield>
  </datafield>
  <datafield tag="655" ind1=" " ind2="0">
    <subfield code="a">Materia&#x142;y konferencyjne.</subfield>
  </datafield>
  <datafield tag="711" ind1=" " ind2=" ">
    <subfield code="a">Wykorzystanie niekonwencjonalnych &#x17A;r&#xF3;de&#x142; energii : Konferencja Naukowo-Techniczna</subfield>
    <subfield code="n">(1 ;</subfield>
    <subfield code="d">2004.12.02 ;</subfield>
    <subfield code="c">S&#x142;upsk, Polska).</subfield>
  </datafield>
  <datafield tag="773" ind1=" " ind2=" ">
    <subfield code="i">W :</subfield>
    <subfield code="t">Wykorzystanie niekonwencjonalnych &#x17A;r&#xF3;de&#x142; energii : I Konferencja Naukowo-Techniczna / pod red. Leona Kukie&#x142;ki ; Urz&#x105;d Miejski w S&#x142;upsku, SP w S&#x142;upsku, RRFS NOT w S&#x142;upsku. -</subfield>
    <subfield code="d">S&#x142;upsk : RRFS NOT i SP, 2004. -</subfield>
    <subfield code="g">s. 29-40</subfield>
  </datafield>
  <datafield tag="942" ind1=" " ind2=" ">
    <subfield code="c">ART</subfield>
    <subfield code="2">UKD</subfield>
  </datafield>
  <datafield tag="999" ind1=" " ind2=" ">
    <subfield code="c">6705</subfield>
    <subfield code="d">6705</subfield>
  </datafield>
  <datafield tag="952" ind1=" " ind2=" ">
    <subfield code="0">0</subfield>
    <subfield code="1">0</subfield>
    <subfield code="4">0</subfield>
    <subfield code="7">0</subfield>
    <subfield code="a">BPK</subfield>
    <subfield code="b">BPK</subfield>
    <subfield code="o">73679</subfield>
    <subfield code="y">ART</subfield>
  </datafield>
</record>
